00682nam a22001697a 4500008004100000020001500041082002200056245010000078260005100178300003600229500001900265650003200284650003300316942001200349999001700361952013400378090503t xxu||||| |||| 00| 0 eng d a1418835463 222a005.2768bEKE aProgramming with Microsoft Visual Basic 2005 : an object-oriented approach /c Michael Ekedahl. aBoston :b Thomson/Course Technology, cc2007. axxv, 915 p. : bill. ; c28 cm. aIncludes index 93680aInternet programming. 94552aMicrosoft Visual BASIC 2ddccBB c11486d11486 00102ddc40708BaccahaMAINbMAINcLOWd2009-05-03epurchaseg456.00h7073l0o005.2768 EKEp000016306r2025-07-15 00:00:00yBB